Malcolm X : (Record no. 2744)

MARC details
000 -LEADER
fixed length control field 01245cam a2200325 a 4500
001 - CONTROL NUMBER
control field 2744
003 - CONTROL NUMBER IDENTIFIER
control field FISKH
005 - DATE AND TIME OF LATEST TRANSACTION
control field 20240112095927.0
008 - FIXED-LENGTH DATA ELEMENTS--GENERAL INFORMATION
fixed length control field 920327s1993 nyua j 001 0beng
010 ## - LIBRARY OF CONGRESS CONTROL NUMBER
LC control number 92013480
020 ## - INTERNATIONAL STANDARD BOOK NUMBER
International Standard Book Number 0590464841 :
020 ## - INTERNATIONAL STANDARD BOOK NUMBER
International Standard Book Number 9780590481090
040 ## - CATALOGING SOURCE
Original cataloging agency DLC
Transcribing agency DLC
Modifying agency DLC
Language of cataloging eng
042 ## - AUTHENTICATION CODE
Authentication code lcac
050 00 - LIBRARY OF CONGRESS CALL NUMBER
Classification number BP223.Z8
Item number L5764 1993
082 00 - DEWEY DECIMAL CLASSIFICATION NUMBER
Classification number 320.5/4/092
-- B
Edition number 20
100 1# - MAIN ENTRY--PERSONAL NAME
Personal name Myers, Walter Dean,
Dates associated with a name 1937-2014.
245 10 - TITLE STATEMENT
Title Malcolm X :
Remainder of title by any means necessary : a biography /
Statement of responsibility, etc. by Walter Dean Myers.
260 ## - PUBLICATION, DISTRIBUTION, ETC.
Place of publication, distribution, etc. New York :
Name of publisher, distributor, etc. Scholastic,
Date of publication, distribution, etc. 1993.
300 ## - PHYSICAL DESCRIPTION
Extent 210 pages :
Other physical details illustrations ;
Dimensions 20 cm
520 ## - SUMMARY, ETC.
Summary, etc. As a fourteen-year-old, he was Malcolm Little, the president of his class and a top student. At sixteen, he was hustling tips at a Boston nightclub. In Harlem, he was known as Detroit Red, a slick street operator.
600 10 - SUBJECT ADDED ENTRY--PERSONAL NAME
Personal name X, Malcolm,
Dates associated with a name 1925-1965
General subdivision Juvenile literature
600 11 - SUBJECT ADDED ENTRY--PERSONAL NAME
Personal name X, Malcolm,
Dates associated with a name 1925-1965.
650 #0 - SUBJECT ADDED ENTRY--TOPICAL TERM
Topical term or geographic name entry element Black Muslims
Form subdivision Biography
-- Juvenile literature.
650 #0 - SUBJECT ADDED ENTRY--TOPICAL TERM
Topical term or geographic name entry element African Americans
Form subdivision Biography
-- Juvenile literature.
650 #1 - SUBJECT ADDED ENTRY--TOPICAL TERM
Topical term or geographic name entry element Black Muslims.
650 #1 - SUBJECT ADDED ENTRY--TOPICAL TERM
Topical term or geographic name entry element African Americans
Form subdivision Biography.
906 ## - LOCAL DATA ELEMENT F, LDF (RLIN)
a 7
b cbc
c orignew
d 1
e ocip
f 19
g y-gencatlg
942 ## - ADDED ENTRY ELEMENTS (KOHA)
Source of classification or shelving scheme Dewey Decimal Classification
Koha item type Books
Suppress in OPAC No
Holdings
Withdrawn status Lost status Source of classification or shelving scheme Damaged status Not for loan Collection Home library Current library Shelving location Date acquired Total Checkouts Full call number Barcode Date last seen Copy number Price effective from Koha item type Date last checked out Date due
    Dewey Decimal Classification     Non-Fiction Footprints International School Library Network Toul Kork Campus Footprints International School Library Network Toul Kork Campus   01/12/2024   MYE 320.54092 BP223.Z8 FISSE00416 01/12/2024 1 01/12/2024 Books    
    Dewey Decimal Classification     Non-Fiction Footprints International School Library Network Toul Tom Poung Campus Footprints International School Library Network Toul Tom Poung Campus TTP Secondary Non-Fiction Bookshelves 01/12/2024   MYE 320.54092 BP223.Z8 FISSE00417 10/28/2024 2 01/12/2024 Books    
    Dewey Decimal Classification     Non-Fiction Footprints International School Library Network Toul Tom Poung Campus Footprints International School Library Network Toul Tom Poung Campus TTP Secondary Non-Fiction Bookshelves 01/12/2024 1 MYE 320.54092 BP223.Z8 FISSE00419 06/06/2025 3 01/12/2024 Books 05/07/2025  
    Dewey Decimal Classification     Non-Fiction Footprints International School Library Network Toul Tom Poung Campus Footprints International School Library Network Toul Tom Poung Campus TTP Secondary Non-Fiction Bookshelves 01/12/2024 2 MYE 320.54092 BP223.Z8 FISSE00418 04/01/2026 4 01/12/2024 Books 04/01/2026 04/15/2026
    Dewey Decimal Classification     Non-Fiction Footprints International School Library Network Toul Tom Poung Campus Footprints International School Library Network Toul Tom Poung Campus TTP Secondary Non-Fiction Bookshelves 01/12/2024   MYE 320.54092 BP223.Z8 FISSE00675 12/04/2024 5 01/12/2024 Books